000 00505nam a22001577a 4500
003 macl
005 20211219121409.0
008 211219b |||||||| |||| 00| 0 eng d
040 _cmacl
082 _a891.433/SIN/S
100 _aसिन्‍हा अशो‍क वुफमार
_981274
245 _aबैरी पइसवा हो राम
260 _aदिल्‍ली
_bलोकमित्र प्रकाशक
_c2014
650 _aकहानियॉ
942 _2ddc
_cBK
999 _c64545
_d64545